Ingeniería de la confiabilidad: teoría y aplicación en proyectos de capital y en la operación de instalaciones industriales a través del enfoque R-MES.
-д хадгалсан:
| Үндсэн зохиолч: | |
|---|---|
| Бусад зохиолчид: | , |
| Формат: | Ном |
| Хэл сонгох: | испани |
| Хэвлэсэн: |
Santiago, Chile:
RiL editores,
2013.
|
| Нөхцлүүд: | |
| Шошгууд: |
Шошго нэмэх
Шошго байхгүй, Энэхүү баримтыг шошголох эхний хүн болох!
|
MARC
| LEADER | 00000cam a2200000 a 4500 | ||
|---|---|---|---|
| 001 | UCE5060 | ||
| 003 | CL-VaPUC | ||
| 005 | 20240628111046.0 | ||
| 008 | 141127e20130000cl |||||||||||||||||spa|d | ||
| 999 | |c 357883 |d 357881 | ||
| 020 | |a 978-956-284-967-8 | ||
| 040 | |c Pontificia Universidad Católica de Valparaíso | ||
| 082 | 0 | 4 | |a 658.5 ARA 2013 |2 21 |
| 100 | 0 | |a Arata Andreani, Adolfo |e autor |9 517657 | |
| 245 | 1 | 0 | |a Ingeniería de la confiabilidad: teoría y aplicación en proyectos de capital y en la operación de instalaciones industriales a través del enfoque R-MES. |
| 260 | |a Santiago, Chile: |b RiL editores, |c 2013. | ||
| 300 | |a 358 páginas. | ||
| 500 | |a Donación julio 2022. C.3 Donación profesor Adolfo Arata. Sin Memo. Julio 2024 | ||
| 583 | |a last modification |c 20170510 01:23:02 |k Rodrigo Vera | ||
| 650 | 0 | |a Gestión de proyectos |9 260970 | |
| 650 | 0 | |a Costes de producción |9 263894 | |
| 700 | 0 | |a Arata Bazzolo, Alessio |e autor |9 577557 | |
| 700 | 0 | |a Heidke, Esteban |e presentación de casos |9 881822 | |
| 942 | |c BK |2 ddc | ||
| 945 | |d 20141127 16:34:00 |a arojas | ||
| 952 | |0 0 |1 0 |3 erb |4 0 |6 658_500000000000000_ARA_2013 |7 0 |8 A |9 466019 |a BIBCUR |b BIBCUR |i 5127025 |o 658.5 ARA 2013 |p 5127025 |r 2025-04-22 |w 2019-11-23 |y BK |z Catalogado en:20141127 |k PER | ||
| 952 | |0 0 |1 0 |2 ddc |4 0 |6 658_500000000000000_ARA_2013 |7 0 |8 A |9 589789 |a BIBING |b BIBING |c GEN |d 2023-04-26 |e Donación |i 5656684 |l 2 |m 1 |o 658.5 ARA 2013 |p 5656684 |r 2025-01-20 |s 2024-06-24 |t 2 |w 2023-04-26 |y BK |k ING | ||
| 952 | |0 0 |1 0 |2 ddc |4 0 |6 658_500000000000000_ARA_2013 |7 0 |8 A |9 595237 |a BIBMEC |b BIBMEC |d 2024-06-28 |e Donación |i 5661652 |o 658.5 ARA 2013 |p 5661652 |r 2024-06-28 |t 3 |w 2024-06-28 |y BK |k MEC | ||